000 01083nam a22002177a 4500
999 _c18808
_d18808
003 AR-CdUCM
008 190515b ||||| |||| 00| 0 espa d
040 _aMUNICIPALIDAD PROVINCIAL DEL CUSCO
_cBIBLIOTECA MUNICIPAL DEL CUSCO
082 _a947.004 /
_bL85
100 _aLombardo Toledano, Vicente
_917581
245 _aUn viaje al mundo del porvenir :
_bseis conferencias sobre la U.R.S.S. /
260 _aMéxico :
_bPublicaciones de la Universidad Obrera de México,
_c1936.
300 _a159 páginas ;
_bilustraciones, mapas, retratos,
_c24 cm.
505 _aContenido: La estructura política de la U.R.S.S. --La estructura económica de la U.R.S.S. -- Condiciones actuales del pueblo soviético -- Cómo resolvió el régimen soviético el problema de las nacionalidades oprimidas -- Posibilidades del triunfo del comunismo en el mundo -- El mundo del porvenir.
650 _aUnión Soviética
_9496
650 _aPolítica
_9291
650 _aComunismo
_9495
700 _aVillaseñor, Víctor Manuel (coautor)
_939631
942 _2ddc
_cLIBROS
945 _aachl
_d2019-05-15